Every Song by Inhaler - Statistics

General Stats
  • This quiz has been taken 47 times
    11 since last reset
  • The average score is 33 of 41
Answer Stats
Album Song % Correct
It Won't Always Be Like This(2021) It Won't Always Be Like This
100%
It Won't Always Be Like This(2021) Cheer Up Baby
91%
Non-Album(2025) Hole in the Ground
91%
It Won't Always Be Like This(2021) In My Sleep
91%
It Won't Always Be Like This(2021) My Honest Face
91%
Open Wide(2025) Open Wide
91%
Open Wide(2025) Again
82%
Open Wide(2025) All I Got Is You
82%
It Won't Always Be Like This(2021) A Night on the Floor
82%
Open Wide(2025) A Question of You
82%
Open Wide(2025) Billy (Yeah Yeah Yeah)
82%
Open Wide(2025) Concrete
82%
Cuts & Bruises(2023) Dublin in Ecstasy
82%
Open Wide(2025) Eddie in the Darkness
82%
Open Wide(2025) Even Though
82%
Non-Album(2020) Falling In
82%
Non-Album(2019) Ice Cream Sundae
82%
Cuts & Bruises(2023) If You're Gonna Break My Heart
82%
Cuts & Bruises(2023) Just to Keep You Satisfied
82%
Open Wide(2025) Little Things
82%
Cuts & Bruises(2023) Love Will Get You There
82%
Cuts & Bruises(2023) Now You Got Me
82%
Cuts & Bruises(2023) Perfect Storm
82%
Open Wide(2025) Still Young
82%
It Won't Always Be Like This(2021) Strange Time to Be Alive
82%
Open Wide(2025) The Charms
82%
Cuts & Bruises(2023) These Are the Days
82%
Cuts & Bruises(2023) The Things I Do
82%
It Won't Always Be Like This(2021) Totally
82%
Cuts & Bruises(2023) Valentine
82%
Cuts & Bruises(2023) When I Have Her on My Mind
82%
It Won't Always Be Like This(2021) When It Breaks
82%
It Won't Always Be Like This(2021) Who’s Your Money On? (Plastic House)
82%
Open Wide(2025) X-Ray
82%
Open Wide(2025) Your House
82%
It Won't Always Be Like This(2021) My King Will Be Kind
73%
Cuts & Bruises(2023) So Far So Good
73%
Non-Album(2020) We Have to Move On
73%
Non-Album(2018) I Want You
64%
It Won't Always Be Like This(2021) Slide Out the Window
64%
It Won't Always Be Like This(Bonus)(2021) When I'm with You
55%
No matching quizzes found
Score Distribution
Percent of People with Each Score
Percentile by Number Answered
Your Score History
You have not taken this quiz since the last reset